000 00221 a2200097 4500
001 13940
100 _aDickens Charles
245 _aDavid copperfield
260 _aHOng Kong
_bOxford univ press
_c
090 _c10907
_d10907
942 _aNUST-CAE
_cM
_c1011
999 _c249013
_d249013